Catálogo
Digital

Catálogo
Digital

Fundamentos de Medicina Neurología (Record no. 14066)

MARC details
000 -CABECERA
campo de control de longitud fija 02057nam a2200301 4500
003 - IDENTIFICADOR DEL NÚMERO DE CONTROL
campo de control EC-UNACH
005 - FECHA Y HORA DE LA ÚLTIMA TRANSACCIÓN
campo de control 20251022162243.0
006 - CÓDIGOS DE INFORMACIÓN DE LONGITUD FIJA--CARACTERÍSTICAS DEL MATERIAL ADICIONAL
campo de control de longitud fija s||||gr|||| 00| 00
008 - DATOS DE LONGITUD FIJA--INFORMACIÓN GENERAL
campo de control de longitud fija 150116t9999 mx r gr 000 0 spa d
020 ## - NÚMERO INTERNACIONAL ESTÁNDAR DEL LIBRO
Número Internacional Estándar del Libro 978-958-9076-37-8
040 ## - FUENTE DE LA CATALOGACIÓN
Centro catalogador/agencia de origen EC-UNACH
Centro/agencia transcriptor EC-UNACH
041 ## - CÓDIGO DE LENGUA
Código de lengua del texto/banda sonora o título independiente spa
082 04 - NÚMERO DE LA CLASIFICACIÓN DECIMAL DEWEY
Número de edición 23
Número de clasificación 616.8
Número de documento/Ítem L017858
110 ## - ENTRADA PRINCIPAL--NOMBRE DE ENTIDAD CORPORATIVA
Nombre de entidad corporativa o nombre de jurisdicción como elemento de entrada Panamericana
245 ## - MENCIÓN DE TÍTULO
Título Fundamentos de Medicina Neurología
250 ## - MENCIÓN DE EDICIÓN
Mención de edición Séptima edición
264 ## - Producción, publicación, distribución, fabricación y copyright
Lugar de producción, publicación, distribución, fabricación Colombia
Nombre del de productor, editor, distribuidor, fabricante Panamericana
Fecha de de producción, publicación, distribución, fabricación o copyright 2010
300 ## - DESCRIPCIÓN FÍSICA
Extensión 809
505 ## - NOTA DE CONTENIDO CON FORMATO
Nota de contenido con formato Capitulo 1- Enfoque neurológico del paciente Capítulo 2-Grandes síndromes neurológicos Capitulo 3- electro diagnóstico electroencefalograma potenciales evocados electromiografía estimulación magnética transcraneal Capitulo 4- Neuroimaginologia Capitulo 5- Liquido cefalorraquídeo Capitulo 6- Evaluación clínica de las funciones mentales superiores Capitulo 7- Trastornos de la conciencia Capitulo 8- Demencias Capitulo 9- Demencia de origen vascular Capitulo 10 - Trastornos neurológicos del comportamiento afasias, apraxias , agnosias Capitulo 11- El sueño y sus trastornos Capitulo 12- Dolor neuropático Capitulo 13- Cefaleas primarias Capitulo 14 - Neuroftalmología Capitulo 15- Infecciones bacterianas del sistema nervioso central meningitis agudas , abscesos cerebrales y empiemas Capitulo 16- Infecciones virales del sistema nervioso central Capitulo 17- Infecciones micóticas del sistema nervios central Capitulo 18- Neuro parasitosis Capitulo 19 - Neuro sífilis Capitulo 20- Sida y sistema nervioso Capitulo 21- Aspectos neurológicos de la infección por el retrovirus Capitulo 22- Priones y enfermedades priónicas Capitulo 23- Neurocisticercosis
650 ## - PUNTO DE ACCESO ADICIONAL DE MATERIA--TÉRMINO DE MATERIA
Término de materia o nombre geográfico como elemento inicial Evolución histórica de la neurología
650 ## - PUNTO DE ACCESO ADICIONAL DE MATERIA--TÉRMINO DE MATERIA
Término de materia o nombre geográfico como elemento inicial Enfoque neurológico del paciente
650 ## - PUNTO DE ACCESO ADICIONAL DE MATERIA--TÉRMINO DE MATERIA
Término de materia o nombre geográfico como elemento inicial Diagnostico neurologico
700 ## - PUNTO DE ACCESO ADICIONAL--NOMBRE DE PERSONA
Nombre de persona Hernán Vélez / Willan Rojas / Jaime Borrero / Jorge Restrepo
942 ## - ELEMENTOS DE PUNTO DE ACCESO ADICIONAL (KOHA)
Fuente del sistema de clasificación o colocación Clasificación Decimal Dewey
Tipo de ítem Koha Libros
999 ## - NÚMEROS DE CONTROL DE SISTEMA (KOHA)
Koha biblionumber 14066
Holdings
Estado de pérdida Fuente del sistema de clasificación o colocación Estado dañado No para préstamo Localización permanente Ubicación/localización actual Ubicación en estantería Fecha de adquisición Fuente de adquisición Número de inventario Total de préstamos Signatura topográfica completa Código de barras Fecha visto por última vez Fecha del último préstamo Precio válido a partir de Tipo de ítem Koha Centro de costos
  Clasificación Decimal Dewey     Biblioteca Campus Norte Biblioteca Campus Norte Facultad de Ciencias de la Salud - Generalidades 22/10/2025 Transitoria segunda Resolución N°0311-CU-UNACH-SE-ORD-16-09-24 39933510 1 616.8 URI L017858 L017858 08/04/2026 08/04/2026 22/10/2025 Libros  

Powered by Koha